| 000 | 00439nam a2200193Ia 4500 | ||
|---|---|---|---|
| 003 | 0100 | ||
| 008 | 130303s9999 xx 000 0 und d | ||
| 020 | _a0854521178 | ||
| 040 | _cARRUPELIB | ||
| 050 | _aB995.L654C81 1975 | ||
| 245 | _aLooking at Lonergan's Method | ||
| 260 | _aDublin | ||
| 260 | _bThe Talbot Press | ||
| 260 | _C1975 | ||
| 300 | _a193p. | ||
| 300 | _b 22cm | ||
| 700 | _aCorcoran, Patrick (ed.) | ||
| 942 | 0 | 0 | _01 |
| 999 |
_c29632 _d29632 |
||